[Event "Budapest Karacsonyi op 5th"]
[Site "Budapest"]
[Date "2013.12.30"]
[Round "6"]
[White "Jancso, Geza"]
[Black "Romhanyi, Mihaly"]
[Result "0-1"]
[WhiteElo "1440"]
[BlackElo "1489"]
[PlyCount "90"]
[EventDate "2013.12.27"]
[EventType "swiss"]
[EventRounds "7"]
[EventCountry "HUN"]
[SourceTitle "CBM 158 Extra"]
[Source "ChessBase"]
[SourceDate "2014.02.28"]
[SourceVersion "1"]
[SourceVersionDate "2014.02.28"]
[SourceQuality "1"]

1. e4 c5 2. d4 cxd4 3. c3 Nc6 4. Nf3 a6 5. cxd4 g6 6. d5 Na7 7. Qd4 f6 8. Bc4 d6 9. 0-0 b5 10. Be2 Bd7 11. Ng5 Nc8 12. Be3 Bg7 13. f4 Kf8 14. f5 fxg5 15. fxg6+ Nf6 16. Bxg5 Qb6 17. Be3 Qxd4 18. Bxd4 hxg6 19. Nd2 Kg8 20. Bd3 Rh4 21. Nf3 Rh8 22. Rac1 Rb8 23. Rc7 Bg4 24. e5 Ne8 25. Rc6 Bxf3 26. Rxf3 dxe5 27. Bxg6 exd4 28. Bxe8 Nd6 29. Bd7 Rf8 30. Be6+ Nf7 31. Rg3 Rh5 32. b3 Kh7 33. Rc7 Be5 34. Rh3 Rxh3 35. Rxe7 Rc3 36. Bxf7 Rc1+ 37. Kf2 Bg7 38. d6 Rc2+ 39. Ke1 d3 40. Bh5 Rff2 41. d7 Rxg2 42. Kf1 Rcf2+ 43. Ke1 d2+ 44. Kd1 Rg1+ 45. Kc2 d1Q# 0-1

[Event "Budapest Karacsonyi op 5th"]
[Site "Budapest"]
[Date "2013.12.28"]
[Round "2"]
[White "Jancso, Geza"]
[Black "Varga, Peter"]
[Result "0-1"]
[WhiteElo "1440"]
[BlackElo "1774"]
[PlyCount "64"]
[EventDate "2013.12.27"]
[EventType "swiss"]
[EventRounds "7"]
[EventCountry "HUN"]
[SourceTitle "CBM 158 Extra"]
[Source "ChessBase"]
[SourceDate "2014.02.28"]
[SourceVersion "1"]
[SourceVersionDate "2014.02.28"]
[SourceQuality "1"]

1. e4 d5 2. exd5 Qxd5 3. Nc3 Qa5 4. Nf3 Bg4 5. Be2 Nd7 6. 0-0 e6 7. a3 Ngf6 8. b4 Bxb4 9. Bb2 Bd6 10. d3 c6 11. Ne4 Be7 12. Rb1 Qc7 13. d4 Nxe4 14. Ne5 Bxe2 15. Qxe2 Nef6 16. f4 0-0 17. Rf3 c5 18. c3 Rac8 19. Rh3 cxd4 20. cxd4 Qc2 21. Qe1 Nb6 22. Nd3 Nbd5 23. Rc1 Qa4 24. Nc5 Bxc5 25. dxc5 Qb5 26. Qf2 Nxf4 27. Bxf6 Nxh3+ 28. gxh3 gxf6 29. Qxf6 Rxc5 30. Rf1 Rg5+ 31. Kh1 Qd5+ 32. Rf3 Rf5 0-1